Le quiz des années 1980 - Statistiques

Statistiques générales
  • Ce quiz a été pris 26 125 fois
  • Le résultat moyen est 20 sur 30
Statistiques - réponses
Question Réponse % Correct
Capitale où la chute d'un mur fut l'un des symboles majeurs de la fin de la guerre froide le 9 novembre 1989 Berlin
96%
Succès de Michael Jackson de 1983 qui a popularisé le vidéo-clip Thriller
91%
Groupe de pop rock français créé en 1981 qui s'est révélé avec le titre L'Aventurier un an plus tard Indochine
89%
Ville ukrainienne associée à la plus grande catastrophe nucléaire du XXème siècle qui eut lieu en 1986 à quelques kilomètres de celle-ci Tchernobyl
89%
Maladie face à laquelle des tests de dépistage ont été créés par l'Institut Pasteur au milieu des années 1980 Le SIDA
85%
Chanteur décédé à la suite d'un crash d'hélicoptère au Mali lors du Rallye Dakar en 1986 Daniel Balavoine
81%
Il est devenu le premier vainqueur français d'un tournoi du Grand Chelem depuis 1946 suite à sa victoire à Roland-Garros en 1983 Yannick Noah
80%
Pays face auquel s'incline le XV de France en 1987 lors de sa première accession à la finale de la Coupe du monde de rugby La Nouvelle-Zélande
79%
Jeu vidéo de puzzle conçu en Union Soviétique en 1984 par Alekseï Pajitnov Tetris
78%
Groupe antillo-guyanais populaire durant cette décennie, avec des titres comme Le bal masqué (1985) ou Ça fait rire les oiseaux (1986) La Compagnie créole
77%
Acteur interprétant Rambo dans la saga cinématographique du même nom et dont le premier volet est sorti en 1982 Sylvester Stallone
75%
Société qui a créé et commercialisé le Macintosh à partir de 1984 Apple
74%
Réalisateur américain de plusieurs films à succès des années 1980 dont E.T., l'extra-terrestre ou plusieurs opus de la saga Indiana Jones Steven Spielberg
73%
Sigle désignant le service de transport ouvert pour la première fois au public entre Paris et Lyon en septembre 1981 Le TGV
72%
Appareil de la marque Sony permettant d'écouter de la musique grâce à un casque externe tout en se déplaçant devenu un symbole phare de la décennie, synonyme commercial de "baladeur" Le Walkman
72%
Terminal informatique français qui permettait d'accéder à des services en ligne à travers sa ligne téléphonique Le Minitel
69%
Célèbre locution clôturant le discours télévisé de Valéry Giscard d'Estaing deux jours avant qu'il ne quitte le palais de l'Élysée en mai 1981 "Au revoir"
68%
Film de Claude Pinoteau sorti en 1980 qui a lancé la carrière de Sophie Marceau La Boum
68%
Capitaine emblématique de l'Équipe de France de Football vainqueur pour la première fois de l'Euro en 1984 Michel Platini
68%
Compétition remportée à 5 reprises entre 1978 et 1985 par Bernard Hinault Le Tour de France
66%
Casse-tête originaire de Hongrie très populaire durant la décennie Le Rubik's Cube
63%
Pays opposé au Royaume-Uni lors de la guerre des Malouines en 1982 L'Argentine
60%
Série TV américaine diffusée à partir de 1985 mettant en scène Angus, un agent de la Fondation Phoenix, qui redouble d'inventivité avec son couteau suisse pour se sortir de situations périlleuses MacGyver
53%
Pays touché par une famine de grande ampleur en 1984 et 1985 L'Éthiopie
47%
Appareil électronique enregistrant des images et du son sur un même support commercialisé pour la première fois en 1983 Le caméscope
46%
Titre de Début de soirée qui a connu un grand succès à sa sortie en 1988 Nuit de folie
41%
Groupe allemand auteur de 99 Luftballons en 1983 Nena
36%
Il animait un "théâtre" à son nom à la télévision à partir de 1982, qui a révélé plusieurs comiques comme Mimie Mathy, Les Inconnus ou Chevallier et Laspalès Philippe Bouvard
32%
Fédération de syndicats polonais fondée par Lech Walesa en 1980 qui s'oppose au régime de la République populaire de Pologne Solidarność
27%
Émission de télévision française pour la jeunesse qui diffusait des dessins animés et des séries jusqu'en 1988 sur Antenne 2 Récré A2
20%
Aucun quiz correspondant
Distribution des résultats
% des personnes avec chaque résultat
Percentile par nombre de réponses
Votre historique - résultats
Vous n’avez pas pris ce quiz